Most Common First Names in the United States - K - Statistics

General Stats
  • This quiz has been taken 551 times
  • The average score is 11 of 20
Answer Stats
Hint Answer % Correct
265 Ken
85%
23 Kevin
78%
61 Katherine
77%
118 Kim
70%
17 Kenneth
69%
248 Kelly
64%
67 Kelly
64%
193 Katie
61%
126 Kyle
61%
13 Karen
58%
228 Karl
57%
71 Kathy
56%
24 Kimberly
56%
59 Keith
51%
36 Kathleen
41%
249 Kurt
32%
194 Kristen
28%
82 Kathryn
24%
293 Kent
23%
288 Kirk
22%
No matching quizzes found
Score Distribution
Percent of People with Each Score
Percentile by Number Answered
Your Score History
You have not taken this quiz